| 000 | 00742nam a2200169 i 4500 | ||
|---|---|---|---|
| 001 | 154472 | ||
| 003 | ES-MaACL | ||
| 005 | 20250811063148.0 | ||
| 008 | 960624s1875 sp |||| | spa d | ||
| 040 |
_aCLM _bspa _cCLM |
||
| 100 | 1 |
_aGómez Salazar, Francisco, _d1827-1906 _9127703 |
|
| 245 | 1 | 0 |
_aTratado de las censuras eclesiásticas con arreglo á la constitucion Apostolicae Sedis expedida en 12 de octubre de 1869 / _cpor Francisco Gómez Salazar. |
| 260 |
_aMadrid : _b[s.n.], _c1875 ( _fImprenta de A. Gomez Fuentenebro) |
||
| 300 |
_a224 p. ; _c22 cm. |
||
| 852 |
_aES-MaACL _jT-1262-F-4 _z-- Enc. hol., conservando cub. original _z-- Enc. en un vol. facticio _x-- Edic.: en la cub. consta 1876 |
||
| 999 |
_c154472 _d154472 |
||